000 00469nam a22001697a 4500
005 20240311124433.0
008 240221b |||||||| |||| 00| 0 eng d
020 _a9789386150554
082 _a616.310
_bORA
245 _aOral Diseases in the Tropics /
_cS R Prabhu (ed)
260 _aIndia :
_bJaypee ;
_c2017..
300 _avii , 775 p . :
_bill ;
_c27 cm .
500 _aInclude Index.
650 _aMeduica / Dentistry
700 _aD F Wilson (ed).
999 _c35165
_d35165